Central Library OPAC University of Rajshahi

মাষ্টারিং এক্সেল ৫.X / (Record no. 45316)

MARC details
000 -LEADER
fixed length control field 00988nam a22002297a 4500
001 - CONTROL NUMBER
control field 45316
003 - CONTROL NUMBER IDENTIFIER
rucl marc code BD-RjUL
005 - DATE AND TIME OF LATEST TRANSACTION
control field 20211209054009.0
008 - FIXED-LENGTH DATA ELEMENTS--GENERAL INFORMATION
fixed length control field 160725s1996 bg ||||| |||| 00| 0 ben d
035 ## - SYSTEM CONTROL NUMBER
System control number (BD-RjUL)45434
040 ## - CATALOGING SOURCE
Original cataloging agency BD-RjUL
Language of cataloging ben
Transcribing agency BD-RjUL
041 ## - LANGUAGE CODE
Language code of text/sound track or separate title ben
082 ## - DEWEY DECIMAL CLASSIFICATION NUMBER
Edition number 23
Classification number 005
Author mark and year KHM 1996
100 ## - MAIN ENTRY--PERSONAL NAME
Personal name খান, মোঃ আজিজুর রহমান
9 (RLIN) 138795
245 10 - TITLE STATEMENT
Title মাষ্টারিং এক্সেল ৫.X /
Statement of responsibility, etc. মোঃ আজিজুর রহমান খান, এইচ, এম, ফারুক আহম্মদ
260 ## - PUBLICATION, DISTRIBUTION, ETC. (IMPRINT)
Place of publication, distribution, etc. ঢাকা :
Name of publisher, distributor, etc. সিসটেক পাবলিকেশন্স,
Date of publication, distribution, etc. ১৯৯৭
300 ## - PHYSICAL DESCRIPTION
Pagination ৪৭৭ পৃ. :
Illustrations চিত্র ;
Size ১৯ সেমি.
650 ## - SUBJECT ADDED ENTRY--TOPICAL TERM
Topical term or geographic name as entry element কম্পিউটার প্রোগ্রামিং
9 (RLIN) 138756
Topical term or geographic name as entry element Computer programming
9 (RLIN) 138757
700 ## - ADDED ENTRY--PERSONAL NAME
Personal name আহম্মদ, এইচ, এম, ফারুক,
942 ## - ADDED ENTRY ELEMENTS (KOHA)
Source of classification or shelving scheme Dewey Decimal Classification
Koha item type Books
Holdings
Lost status Source of classification or shelving scheme Damaged status Not for loan Collection code Permanent Location Current Location Shelving location Date acquired Source of acquisition Cost, normal purchase price Total Checkouts Full call number Date last seen Copy number Koha item type
  Dewey Decimal Classification     Non-fiction Central Library, University of Rajshahi Central Library, University of Rajshahi   11/03/1997 Modern book center 150.00   B 005 KHM 1996 25/07/2016 C-2 Books